Wszystkie kraje używające T-72 - Statystyki

Ogólne statystyki
  • Ten quiz został rozwiązany 43 razy
    30 od ostatniego zresetowania
  • Średni wynik to 16 z 37
Statystyki odpowiedzi
Ilość Państwo % Poprawnych
ok. 7000 Rosja
100%
337 Polska
96%
603 Ukraina
92%
518 Białoruś
85%
300 Kazachstan
69%
56 Czechy
65%
30 Słowacja
65%
94 Serbia
62%
84 Armenia
58%
572 Azerbejdżan
58%
1000 Irak
58%
680 Iran
58%
1600 Syria
58%
143 Gruzja
54%
100 Mongolia
54%
70 Uzbekistan
54%
1900 Indie
50%
160 Bułgaria
46%
215 Kirgistan
46%
44 Tadżykistan
46%
702 Turkmenistan
46%
500 Algieria
38%
400 Sudan
35%
100 Demokratyczna Republika Konga
27%
111 Sudan Południowy
23%
44 Angola
19%
231 Etiopia
19%
20+ Macedonia Północna
19%
237 Maroko
19%
39 Jemen
15%
110 Kenia
15%
48 Malezja
15%
80+ Nigeria
15%
192 Wenezuela
15%
139 Birma
12%
? Laos
12%
50 Nikaragua
4%
Nie znaleziono quizów pasujących do podanych kryteriów
Rozkład punktacji
Procent ludzi z każdym wynikiem
Percentyl według liczby udzielonych odpowiedzi
Twoja historia wyników
Nie rozwiązałeś tego quizu od ostatniego zresetowania